| 000 | 00408nam a2200157Ia 4500 | ||
|---|---|---|---|
| 005 | 20250624014410.0 | ||
| 008 | 240331s9999 xx 000 0 und d | ||
| 020 | _a9552107040 | ||
| 082 |
_bMAD _a352 |
||
| 100 | _aMaddumarala,R | ||
| 245 | 0 | _aSri Lankawe Andukrama vikashanaya | |
| 260 |
_aColombo _bM.D.Gunasena & Co _c1994 |
||
| 300 | _a73 p ., | ||
| 500 | _aSri Lankan Constitution Broadcast | ||
| 942 | _cL | ||
| 999 |
_c5332 _d5332 |
||